02432nam a2200289Ia 4500001000600000003000900006008004100015040001300056040001300069041001500082100002000097100002900117240015900146240003500305245003600340245015900376250001100535260001100546260001800557260004900575300005700624500135900681650002802040650003102068700001402099700002902113K0301IT-RoPAU130308s9999 xx 000 0 und d aIT-RoPAU cIT-RoPAU aITALIANO  aEngl Liesetotte gCodice Aut. SPICS: 60123 aGLANZ UND UNTERGANG DES INKAREICHES  gCodice Tit. Orig. Spics: T3869 aIncas splendore e declino (Gli) bIncas splendore e Declino (Gli)  a1a ed. aMILANO bMartello Aldo c1970 [1° Ed.:1970 - Ed.Ling.Originale:1970] a"216 p. (prefazione: no ; testo: 216 [pagine: 0-0])" aMondo Antico Peru'. Grandi Sacrari. Sbarchi e Migrazioni. Incapachacuet Yupanqui Vede futuro Grande Impero. Limitato Potere Sacerdoti. Inca Tupac conquista Cile e Ecuador. matrimonio tra Fratelli e Succesione al Trono. Regnanti e Loro Mummie Sono Adorati Quali Divinità. Huayna Capac. Ascesa al Potere e Matrimonio. Sfoggio di Opulenza. Inca Assume Carica sommo Sacerdote. importanza Singolo Sacrari... Limitazione Privilegi degli Orejones. Trasferimento Corte Reale in Ecuador... Ribellioni e Pestilenza. Primo Sbarco Spagnoli a Tumbez. sovrano muore di Peste a 40 Anni. lotta per Successione di Huayna Capac tra Figli Huascar e Atahualpa. restaurazione e dominio Sacerdotale a Cuzco. Crescente Influenza Sacrari Oracoli. Guerra Civile e vittoria Usurpatore Atahualpa. marcia di Pizarro su Cajamarca. Cattura di Atahualpa. Difficile Orientamento Spagnoli. Oggetti Sacri Fra pezzi d'oro Fusi a Cajamarca. Atahualpa viene Impiccato. Pizarro e Inca Manco Entrano insieme a Cuzco. Distruzione Truppe Disperse... Insurrezione Inca Manco e Ritirata a Vilcabamba. inizi colonizzazione Spagnola. Morte di Almagro, di Pizarro e Manco. nuove leggi di Carlo V per protezione Indigeni. Rivolta dei Conquistadores. Primi Vicere'. Esecuzione ultimo Inca di Vilcabamba, Tupac Amaru. Stili. tavola Cronologica. Simbolismo Pan Peruviano. Illustrazioni. D aSAGGI SULLE ARTI VISIVE eCodice materia Spics: 5011 aEngl Theo gCodice Aut. SPICS: 60124